LDR 00625naa#a2200169#i#450# 001 EN\\bibl\123373 005 20260706023503.1 011 ## _a1994-4683 100 ## _a20230731b2023####ek#y0engy0150####ca 102 ## _aRU 200 1# _aDYNAMICS OF DEVELOPMENT OF SPEED ABILITIES AND SPEED IN YOUNG BOXERS ACCORDING TO INDIVIDUAL PSYCHOLOGICAL PECULIARITIES _eJournal article 210 1# _aMoscow _cNational State University of Physical Education, Sports and Health named after P.F. Lesgaft _d2023 215 ## _a4 с. 608 ## _aJournal article _2local 675 ## _aБокс. 796.83 _z 700 #1 _aDemchenko _gYU V 856 4# _auchzapiski.lesgaft.spb.ru _u